I Marks the Spot - Statistics

General Stats
  • This quiz has been taken 109 times
  • The average score is 13 of 21
Answer Stats
Hint Answer % Correct
Spanish goodbye Adios
89%
Corn Maize
86%
Golden dog Retriever
85%
River by the Louvre Seine
83%
Belted constellation Orion
78%
Famous hunchback Quasimodo
77%
Yolk surrounder White
77%
Gemini symbol Twins
76%
4th US president Madison
66%
Inoculate, immunize Vaccinate
66%
Vacation Holiday
63%
Yaren or Yerevan Capital
61%
Award, trophy Prize
60%
Trojan saga Iliad
58%
Frees from slavery Emancipates
52%
Broadway offering Musical
52%
Church steeple Spire
48%
Extremely angry Furious
43%
Gin berry Juniper
41%
One of the three tenors Domingo
35%
Mobutu's land Zaire
30%
No matching quizzes found
Score Distribution
Percent of People with Each Score
Percentile by Number Answered
Your Score History
You have not taken this quiz